Venous thrombo-embolic disease; (Record no. 4124)

000 -LEADER
fixed length control field 00932cam a2200277 | 4500
003 - CONTROL NUMBER IDENTIFIER
control field ALUPE UNIVERSITY COLLEGE
005 - DATE AND TIME OF LATEST TRANSACTION
control field 20220318073824.0
008 - FIXED-LENGTH DATA ELEMENTS--GENERAL INFORMATION
fixed length control field 060976s1975 stk x 0 eng
020 ## - INTERNATIONAL STANDARD BOOK NUMBER
International Standard Book Number 0443014000
040 ## - CATALOGING SOURCE
Transcribing agency ALUPE UNIVERSITY COLLEGE
049 ## - LOCAL HOLDINGS (OCLC)
Holding library aeu
050 0# - LIBRARY OF CONGRESS CALL NUMBER
Classification number RC 694
Item number .V46 1975
090 00 - LOCALLY ASSIGNED LC-TYPE CALL NUMBER (OCLC); LOCAL CALL NUMBER (RLIN)
Classification number (OCLC) (R) ; Classification number, CALL (RLIN) (NR) RC 694.3 V46 1975
Local cutter number (OCLC) ; Book number/undivided call number, CALL (RLIN) AEU
245 00 - TITLE STATEMENT
Title Venous thrombo-embolic disease;
Remainder of title asymposium held at the William Robertson Building, University of Edinburgh.
Statement of responsibility, etc. Editors: C. Vaughan Ruckley, Iain M. C. Macintyre.
260 ## - PUBLICATION, DISTRIBUTION, ETC.
Place of publication, distribution, etc. Edinburgh,
Name of publisher, distributor, etc. Churchill Livinstone,
Date of publication, distribution, etc. 1975.
300 ## - PHYSICAL DESCRIPTION
Extent 255 p.
Other physical details ill.
Dimensions 24 cm.
336 ## - CONTENT TYPE
Content type term text
Content type code txt
Source rdacontent
337 ## - MEDIA TYPE
Media type term unmediated
Media type code n
Source rdamedia
338 ## - CARRIER TYPE
Carrier type term volume
Carrier type code nc
Source rdacarrier
583 1# - ACTION NOTE
Institution to which field applies AEU
650 #0 - SUBJECT ADDED ENTRY--TOPICAL TERM
Topical term or geographic name entry element Thromboembolism
Form subdivision Congresses.
650 #0 - SUBJECT ADDED ENTRY--TOPICAL TERM
Topical term or geographic name entry element Blood-vessels
Form subdivision Congresses.
700 1# - ADDED ENTRY--PERSONAL NAME
Personal name Ruckley, C. Vaughan.
700 1# - ADDED ENTRY--PERSONAL NAME
Personal name Macintyre, Iain M. C.
942 ## - ADDED ENTRY ELEMENTS (KOHA)
Source of classification or shelving scheme
Koha item type Book
Suppress in OPAC PW
Holdings
Withdrawn status Lost status Source of classification or shelving scheme Damaged status Not for loan Permanent Location Current Location Shelving location Date acquired Source of acquisition Total Checkouts Full call number Barcode Date last seen Price effective from Koha item type Public note
          AU LIBRARY AU LIBRARY Open Shelf 18.03.2022 D   RC 694 .V46 1975 28005751 18.03.2022 18.03.2022 Book PW

Powered by Koha